000 00638mam a2200181 a 4500
020 _a1860642152
082 0 4 _a947.9
_bSMI
_cL-40, P-03
100 1 _aSmith, Sebastian.
_946310
245 1 0 _aAllah's mountains :
_bpolitics and war in the Russian Caucasus /
_cSebastian Smith.
260 _aLondon ;
_aNew York :
_bI.B. Tauris,
_c1998.
300 _ax, 288 p. :
_bmaps ;
_c24 cm.
526 _a0
_b0
_c0
_d947_900000000000000_SMI
650 0 _aInsurgency
_zRussia (Federation)
_zCaucasus, Northern.
_946311
650 4 _aInsurgency
_zCaucasus.
_946312
650 4 _aInsurgency
_zRussia (Federation)
_946313
650 4 _aMCE
_9379
942 _2ddc
_cBK
999 _c549671
_d549671